<?xml version="1.0" encoding="UTF-8"?>
<collection xmlns:xsi="http://www.w3.org/2001/XMLSchema-instance" xsi:schemaLocation="http://www.loc.gov/MARC21/slim http://www.loc.gov/standards/marcxml/schema/MARC21slim.xsd" xmlns="http://www.loc.gov/MARC21/slim">
 <record>
  <leader>00000cam a22000003i 4500</leader>
  <controlfield tag="001">UP-1685594773861985926</controlfield>
  <controlfield tag="003">Buklod</controlfield>
  <controlfield tag="005">20150411113610.0</controlfield>
  <controlfield tag="006">g||| |     ||   ||</controlfield>
  <controlfield tag="007">ta</controlfield>
  <controlfield tag="008">150411s2015    caua    rb   |||1 u|eng d</controlfield>
  <datafield tag="020" ind1=" " ind2=" ">
   <subfield code="a">9781452276434 (pbk. : alk. paper)</subfield>
  </datafield>
  <datafield tag="035" ind1=" " ind2=" ">
   <subfield code="a">(iLib)UPBAG-00016752521</subfield>
  </datafield>
  <datafield tag="037" ind1=" " ind2=" ">
   <subfield code="a">BC-65545</subfield>
   <subfield code="b">Mind Mover</subfield>
   <subfield code="c">Php6,566.40</subfield>
   <subfield code="n">Prof. Rozel Balmores-Paulino</subfield>
  </datafield>
  <datafield tag="090" ind1=" " ind2=" ">
   <subfield code="a">BF 204.6</subfield>
   <subfield code="b">S69 2015</subfield>
  </datafield>
  <datafield tag="100" ind1="1" ind2=" ">
   <subfield code="a">Lopez, Shane J.</subfield>
   <subfield code="e">author.</subfield>
  </datafield>
  <datafield tag="245" ind1="1" ind2="0">
   <subfield code="a">Positive psychology</subfield>
   <subfield code="b">the scientific and practical explorations of human strengths</subfield>
   <subfield code="c">Shane J. Lopez, Jennifer Teramoto Pedrotti, C.R. Snyder.</subfield>
  </datafield>
  <datafield tag="250" ind1=" " ind2=" ">
   <subfield code="a">Third edition.</subfield>
  </datafield>
  <datafield tag="264" ind1=" " ind2="1">
   <subfield code="a">Thousand Oaks, California</subfield>
   <subfield code="b">Sage Publications, Inc.</subfield>
   <subfield code="c">©2015.</subfield>
  </datafield>
  <datafield tag="300" ind1=" " ind2=" ">
   <subfield code="a">xxvi, 571 pages</subfield>
   <subfield code="b">illustrations</subfield>
   <subfield code="c">26 cm</subfield>
  </datafield>
  <datafield tag="500" ind1=" " ind2=" ">
   <subfield code="a">Previous editions entered under Snyder, C.R.</subfield>
  </datafield>
  <datafield tag="504" ind1=" " ind2=" ">
   <subfield code="a">Includes bibliographical references (p. 463-531) and indexes.</subfield>
  </datafield>
  <datafield tag="505" ind1="0" ind2=" ">
   <subfield code="a">Welcome to positive psychology -- Eastern and western perspectives on positive psychology : how me + we = us might bridge the gap -- Classifications and measures of strengths and positive outcomes -- The role of culture in developing strengths and living well -- Living well at every stage of life -- The principles of pleasure: understanding positive affect, positive emotions, happiness, and well-being -- Making the most of emotional experiences : emotion-focused coping, emotional intelligence, socioemotional selectivity, and emotional storytelling -- Seeing our futures through self-efficacy, optimism, and hope -- Wisdom and courage : characteristics of the wise and the brave -- Mindfulness, flow, and spirituality : in search of optimal experiences -- Empathy and egotism : portals to altruism, gratitude, and forgiveness -- Attachment, love, and flourishing relationships -- Balanced conceptualizations of mental health and behavior -- Preventing the bad and promoting the good -- Positive schooling and good work : the psychology of gainful employment and the education that gets us there -- The future of positive psychology : a conversation with between the authors.</subfield>
  </datafield>
  <datafield tag="650" ind1=" " ind2="0">
   <subfield code="a">Positive psychology.</subfield>
  </datafield>
  <datafield tag="700" ind1="1" ind2=" ">
   <subfield code="a">Snyder, C.R.</subfield>
   <subfield code="e">author.</subfield>
  </datafield>
  <datafield tag="700" ind1="1" ind2=" ">
   <subfield code="a">Pedrotti, Jennifer Teramoto</subfield>
   <subfield code="e">author.</subfield>
  </datafield>
  <datafield tag="905" ind1=" " ind2=" ">
   <subfield code="a">FO</subfield>
  </datafield>
  <datafield tag="852" ind1="0" ind2=" ">
   <subfield code="a">UPBAG</subfield>
   <subfield code="b">UPBAG-MAIN</subfield>
   <subfield code="h">BF 204.6 S69 2015</subfield>
  </datafield>
  <datafield tag="942" ind1=" " ind2=" ">
   <subfield code="a">Book</subfield>
  </datafield>
 </record>
</collection>
